000 00767cam a22002654a 4500
001 16682161
005 20171219075819.0
007 co |g|||||||||
008 110308s2013 maua 001 0 eng
010 _a 2011004653
020 _a0321757270
020 _a9780321757272
035 _a(OCoLC)ocn706677473
040 _aDLC
_cDLC
_dYDX
_dYDXCP
_dOCLCO
_dBWX
_dDLC
041 _aeng
042 _apcc
080 _a519.5 MIC
082 0 0 _a519.5 MIC
_222
100 1 _a55
101 _aSTA
245 1 0 _aStatistics :
_cMichael Sullivan, III.
906 _a7
_bcbc
_corignew
_d1
_eecip
_f20
_gy-gencatlg
942 _2ddc
_cBK
999 _c39178
_d39178